OECD Economic Surveys: Latvia 2017 September 2017

Salvato in:
Dettagli Bibliografici
Natura: Libro
Lingua:inglese
Pubblicazione: Paris OECD 2017
Serie:OECD Economic Surveys
Soggetti:
Tags: Aggiungi Tag
Nessun Tag, puoi essere il primo ad aggiungerne!!

MARC

LEADER 00000nam a2200000 4500
001 0241545
005 20240314123300.8
020 |a 978-92-64-28119-6 
041 0 |a eng 
044 |a FR 
245 1 0 |a OECD Economic Surveys: Latvia 2017  |b September 2017 
264 1 |a Paris  |b OECD  |c 2017 
300 |a 138 s. 
490 1 |a OECD Economic Surveys 
830 0 |a OECD Economic Surveys 
610 2 0 |a situácia hospodárska 
610 2 0 |a príjmy 
610 2 0 |a konvergencia 
610 2 0 |a politika fiškálna 
610 2 0 |a politika sociálna 
610 2 0 |a produktivita 
610 2 0 |a integrácia 
610 2 0 |a bývanie 
610 2 0 |a starostlivosť zdravotná 
610 2 0 |a prostredie životné 
610 2 0 |a zručnosti 
610 2 0 |a nezamestnanosť 
610 2 0 |a infraštruktúra sociálna 
610 2 0 |a politika hospodárska 
610 2 0 |a reformy štruktúrne 
610 2 0 |a inovácia 
610 2 0 |a politika energetická 
610 2 0 |a porovnanie štatistické medzinárodné 
610 2 0 |a veľkomestá 
610 2 0 |a Riga 
610 2 0 |a Lotyšsko